| 000 | 00825cam a2200241 a 4500 | ||
|---|---|---|---|
| 005 | 20091107113722.0 | ||
| 008 | 000504s2000 nik 000 0 eng d | ||
| 010 | _aENG-95378 | ||
| 020 |
_a9788131306130 _c595.00 |
||
| 035 | _aEN-78911 | ||
| 037 | _bDBAD/PUB | ||
| 040 | _aDPL | ||
| 100 | _aTarafder, S.K. | ||
| 245 |
_aHow to write Better Letters _cby S.K. Tarafder |
||
| 260 |
_aNew Delhi _bA.P.H. Publishing Corporation _c2009 |
||
| 270 |
_a4435-36/7, Ansari Road , _bNew Delhi _e110002 |
||
| 300 |
_a260p. _c22 cm.(Hb) |
||
| 700 | _aKhan, Mohammad Ashraf | ||
| 942 |
_2ddc _cEN _mTAR |
||
| 999 |
_c31539 _d31539 |
||